Προσαρμογές αναλυτικών προγραμμάτων για το νηπιαγωγείο : σχέδιο διαθεματικής προσέγγισης και πρόγραμμα γλωσσικής ανάπτυξης
Saved in:
| Main Author: | |
|---|---|
| Corporate Author: | |
| Other Authors: | |
| Format: | Book |
| Language: | Greek |
| Published: |
[Αθήνα] :
[χ.ό.],
2008
|
| Subjects: | |
| Tags: |
Add Tag
No Tags, Be the first to tag this record!
|
MARC
| LEADER | 00000cam a2200000 i 4500 | ||
|---|---|---|---|
| 001 | 1/19492 | ||
| 008 | 120514s2008 gre d | ||
| 035 | |l 10112452 | ||
| 040 | |a GR-MY-UA |b gre |e aacr | ||
| 041 | 0 | |a gre | |
| 082 | 0 | |a 371.90473 |2 (22) | |
| 100 | 1 | |a Αναγνωστοπούλου, Ελένη. | |
| 245 | 1 | 0 | |a Προσαρμογές αναλυτικών προγραμμάτων για το νηπιαγωγείο : |b σχέδιο διαθεματικής προσέγγισης και πρόγραμμα γλωσσικής ανάπτυξης / |c Ε. Αναγνωστοπούλου, Χ. Καρακασνάκη |
| 260 | |a [Αθήνα] : |b [χ.ό.], |c 2008 | ||
| 300 | |a 128 σ.; |b εικ.; |c 28 εκ. | ||
| 504 | |a Βιβλιογραφία: σ. 126-128 | ||
| 650 | 0 | 0 | |a Special education |x Curricula |z Greece. |
| 650 | 0 | 0 | |a Education, Preschool |x Curricula. |
| 650 | 0 | 0 | |a Learning disabled children |x Education |z Greece. |
| 650 | 0 | 0 | |a Children |x Language. |
| 700 | 1 | |a Καρακασνάκη, Χρυσούλα. | |
| 710 | 2 | |a Υπουργείο Εθνικής Παιδείας και Θρησκευμάτων |b Παιδαγωγικό Ινστιτούτο |b Αναλυτικά Προγράμματα Μαθησιακών Δυσκολιών-Ενημέρωση-Ευαισθητοποίηση. | |
| 852 | |a INST |b RHODES |e 20120514 |h 371.90473 ΑΝΑ |p 005400034375 |q 005400034375 |t BK |y 0 | ||
| 852 | |a INST |b RHODES |e 20120514 |h 371.90473 ΑΝΑ |p 005400034376 |q 005400034376 |t BK |y 0 | ||
| 901 | |a BIBL4-2012-2 | ||
| 970 | |z 2012/05/14 | ||